The courage to heal : (Record no. 13)

MARC details
000 -LEADER
fixed length control field 01148cam a2200349 a 4500
005 - DATE AND TIME OF LATEST TRANSACTION
control field 20260322212003.0
008 - FIXED-LENGTH DATA ELEMENTS--GENERAL INFORMATION
fixed length control field data
010 ## - LIBRARY OF CONGRESS CONTROL NUMBER
LC control number 87045598
020 ## - INTERNATIONAL STANDARD BOOK NUMBER
International Standard Book Number 0060551054 :
Terms of availability {dollar}27.50
020 ## - INTERNATIONAL STANDARD BOOK NUMBER
International Standard Book Number 0060962348 (pbk.) :
Terms of availability {dollar}12.95
020 ## - INTERNATIONAL STANDARD BOOK NUMBER
International Standard Book Number 9780060551056 :
Terms of availability {dollar}27.50
020 ## - INTERNATIONAL STANDARD BOOK NUMBER
International Standard Book Number 9780060962340 (pbk.) :
Terms of availability {dollar}12.95
040 ## - CATALOGING SOURCE
Original cataloging agency DLC
Transcribing agency DLC
Modifying agency DLC
043 ## - GEOGRAPHIC AREA CODE
Geographic area code n-us---
050 00 - LIBRARY OF CONGRESS CALL NUMBER
Classification number HQ72.U53
Item number B37 1988
082 00 - DEWEY DECIMAL CLASSIFICATION NUMBER
Classification number 616.85/83
Edition information 19
092 ## - LOCALLY ASSIGNED DEWEY CALL NUMBER (OCLC)
Classification number 616.85 Bas 1988
001 - CONTROL NUMBER
control field data
100 1# - MAIN ENTRY--PERSONAL NAME
Personal name Bass, Ellen.
245 14 - TITLE STATEMENT
Title The courage to heal :
Remainder of title a guide for women survivors of child sexual abuse /
Statement of responsibility, etc. Ellen Bass & Laura Davis.
250 ## - EDITION STATEMENT
Edition statement 1st ed.
260 ## - PUBLICATION, DISTRIBUTION, ETC.
Place of publication, distribution, etc. New York :
Name of publisher, distributor, etc. Perennial Library,
Date of publication, distribution, etc. c1988.
300 ## - PHYSICAL DESCRIPTION
Extent 493 p. ;
Dimensions 25 cm.
500 ## - GENERAL NOTE
General note Includes index.
504 ## - BIBLIOGRAPHY, ETC. NOTE
Bibliography, etc. note Bibliography: p. 466-484.
650 #0 - SUBJECT ADDED ENTRY--TOPICAL TERM
Topical term or geographic name entry element Child sexual abuse
Geographic subdivision United States.
650 #0 - SUBJECT ADDED ENTRY--TOPICAL TERM
Topical term or geographic name entry element Women
Geographic subdivision United States
General subdivision Psychology.
650 #0 - SUBJECT ADDED ENTRY--TOPICAL TERM
Topical term or geographic name entry element Adult child abuse victims
Geographic subdivision United States.
700 1# - ADDED ENTRY--PERSONAL NAME
Personal name Davis, Laura,
Dates associated with a name 1956-
906 ## - LOCAL DATA ELEMENT F, LDF (RLIN)
a 7
b cbc
c orignew
d 1
e ocip
f 19
g y-gencatlg
991 ## -
-- c-GenColl
-- HQ72.U53
-- B37 1988
-- 00019099982
-- Copy 1
-- BOOKS
Holdings
Withdrawn status Lost status Damaged status Not for loan Home library Current library Shelving location Date acquired Total checkouts Full call number Barcode Date last seen Price effective from Koha item type
        Springfield Springfield General stacks 22/03/2026   616.85/83 19 BC0010013 22/03/2026 22/03/2026 Books